|
|
|
|
| LEADER |
00000nam2a2200000 4500 |
| 001 |
25037 |
| 005 |
20231030200547.0 |
| 010 |
|
|
|a 5930370257
|
| 035 |
|
|
|a (RuTPU)RU\TPU\book\25272
|
| 035 |
|
|
|a BOOK00025346
|
| 090 |
|
|
|a 25037
|
| 100 |
|
|
|a 20011209d1999 km y0rusy50 ca
|
| 101 |
0 |
|
|a rus
|
| 102 |
|
|
|a RU
|
| 105 |
|
|
|a a bg 000zy
|
| 200 |
0 |
|
|a Т. 5
|
| 210 |
|
|
|d 1999
|
| 215 |
|
|
|a 768 с.
|c ил.
|
| 461 |
|
1 |
|0 (RuTPU)RU\TPU\book\84145
|t Зарубежные транзисторы и их аналоги
|o в 5 т.
|o каталожное издание
|f В. М. Петухов
|v Т. 5
|d 1998-1999
|s Справочник
|
| 610 |
1 |
|
|a зарубежные транзисторы
|
| 610 |
1 |
|
|a электрические параметры
|
| 610 |
1 |
|
|a эксплуатационные параметры
|
| 610 |
1 |
|
|a матрицы
|
| 610 |
1 |
|
|a модули
|
| 610 |
1 |
|
|a лавинные транзисторы
|
| 610 |
1 |
|
|a ключевые транзисторы
|
| 610 |
1 |
|
|a реверсивные транзисторы
|
| 610 |
1 |
|
|a цифровые транзисторы
|
| 610 |
1 |
|
|a фирмы-изготовители
|
| 610 |
1 |
|
|a каталоги
|
| 610 |
1 |
|
|a справочники
|
| 675 |
|
|
|a 621.382.3(035)(085)
|v 3
|
| 801 |
|
0 |
|a RU
|b 63413507
|c 20011209
|g PSBO
|
| 801 |
|
2 |
|a RU
|b 63413507
|c 20150619
|g PSBO
|
| 942 |
|
|
|c BK
|